Teória a prax verejnej správy : zborník príspevkov z vedeckej konferencie s medzinárodnou účasťou organizovanej Fakultou verejnej správy UPJŠ v Košiciach : Košice, 16.-17.10.2008 /
Uložené v:
| Ďalší autori: | |
|---|---|
| Médium: | Kniha |
| Jazyk: | Slovak English Czech Russian |
| Vydané: |
Košice :
Univerzita Pavla Jozefa Šafárika v Košiciach,
2009.
|
| Vydanie: | Vyd. 1. |
| Témy: | |
| ISBN: |
9788070977361 (brož.) |
| Fyzický popis: |
485 s. : grafy, mp., tab. ; 21 cm. |
| Tagy: |
Pridať tag
Žiadne tagy, Buďte prvý kto otaguje tento záznam!
|
Titul je dostupný aj v ... 

MARC
| LEADER | 00000nam a2200000 a 4500 | ||
|---|---|---|---|
| 001 | 000450421 | ||
| 005 | 20140624102621.0 | ||
| 008 | 090323s2009 xo bdl g 101 0 slo d | ||
| 020 | |a 9788070977361 (brož.) | ||
| 040 | |a SVKKK |b slo |c SVKKK |e AACR2 | ||
| 041 | 0 | |a slo |a eng |a cze |a rus |b eng | |
| 044 | |a xo |c SK | ||
| 072 | 7 | |a 35 |x Verejná správa |2 konspekt | |
| 080 | |a 35 |2 2001 | ||
| 080 | |a (062.534) |2 2001 | ||
| 245 | 0 | 0 | |a Teória a prax verejnej správy : |b zborník príspevkov z vedeckej konferencie s medzinárodnou účasťou organizovanej Fakultou verejnej správy UPJŠ v Košiciach : Košice, 16.-17.10.2008 / |c [zostavovateľ: Nora Štangová]. |
| 250 | |a Vyd. 1. | ||
| 260 | |a Košice : |b Univerzita Pavla Jozefa Šafárika v Košiciach, |c 2009. | ||
| 300 | |a 485 s. : |b grafy, mp., tab. ; |c 21 cm. | ||
| 366 | |e 100 výtl. | ||
| 500 | |a Údaj o zost. prevzatý z rubu titul. strany | ||
| 504 | |a Bibl. odkazy; register autorov: s. 484-485 | ||
| 546 | |a Čiastočne text aj čes., angl., rus. | ||
| 546 | |a Abstrakt angl. | ||
| 650 | 0 | 7 | |a verejná správa |2 SVKKKPH |
| 655 | 7 | |a zborníky konferencií |2 SVKKKPH | |
| 700 | 1 | |a Štangová, Nora, |d 1945- |4 com | |
| 910 | |a svkkk | ||
| 919 | |a 978-80-7097-736-1 | ||
| 998 | |a BK | ||
| 090 | |g SCKHL |k Sklad Hlavná 10 prízemie |a III.228911 |j 1053725 |i 2720304453 |s Absenčne | ||